Психологическая компетентность руководителя

書誌詳細
第一著者: Пономарева М. А.
要約:Рассмотрены вопросы, связанные с эффективным межличностным взаимодействием руководителя и подчиненных, созданием в организации благоприятной социально-психологической атмосферы, оптимальных межличностных связей, раскрытием интеллектуального и нравственного потенциала сотрудников, использованием основных стратегий обращения с конфликтами. Пособие предназначено для бакалавров и магистров, обучающихся по специальностям в области управления, а также руководителей различных организаций и психологов.
言語:ロシア語
出版事項: Москва, Форум, 2012
主題:
フォーマット: 図書
KOHA link:https://koha.lib.tpu.ru/cgi-bin/koha/opac-detail.pl?biblionumber=210215

MARC

LEADER 00000nam0a2200000 4500
001 210215
005 20231101225612.0
010 |a 9785911345631 
035 |a (RuTPU)RU\TPU\book\229597 
090 |a 210215 
100 |a 20120220d2012 km y0rusy50 ca 
101 0 |a rus 
102 |a RU 
105 |a y z 001zy 
200 1 |a Психологическая компетентность руководителя  |f М. А. Пономарева 
210 |a Москва  |c Форум  |d 2012 
215 |a 208 с. 
320 |a Библиогр.: с. 202-203. 
330 |a Рассмотрены вопросы, связанные с эффективным межличностным взаимодействием руководителя и подчиненных, созданием в организации благоприятной социально-психологической атмосферы, оптимальных межличностных связей, раскрытием интеллектуального и нравственного потенциала сотрудников, использованием основных стратегий обращения с конфликтами. Пособие предназначено для бакалавров и магистров, обучающихся по специальностям в области управления, а также руководителей различных организаций и психологов. 
606 1 |a Руководитель  |x Психология  |2 stltpush  |3 (RuTPU)RU\TPU\subj\26328  |9 50285 
610 1 |a психологическая компетентность 
610 1 |a управление 
610 1 |a коммуникативная компетентность 
610 1 |a организационные конфликты 
610 1 |a мотивация 
610 1 |a стимулирование 
610 1 |a деловые переговоры 
610 1 |a психологический практикум 
610 1 |a межличностные взаимоотношения 
610 1 |a коллективы 
610 1 |a психологический климат 
610 1 |a личностные качества 
610 1 |a лидерство 
686 |a Ю954  |v LBC/SL-A  |2 rubbk 
700 1 |a Пономарева  |b М. А. 
801 1 |a RU  |b 63413507  |c 20120220 
801 2 |a RU  |b 63413507  |c 20150618  |g RCR 
942 |c BK 
959 |a 32/20120220  |d 2  |e 179,90  |f ЧЗГЛ:1  |f АНЛ:1